LEADER 00707nam a2200169 i 4500 001 000000214493 003 CaOOAMICUS 005 20120723000000.0 008 120723s1845 it u000 u fre u 013 $a193364 040 $aSeMil$bita 245 10$aTome 1. 300 $aXXXVIII, 418 p., [1] c. di tav. ripieg. :$bill. 773 0 $aBlainville, Henri-Marie Ducrotay : de <1777-1850>$tHistoire des sciences de l'organisation et de leurs progrès, comme base de la philosophie.$dParis ; Lyon : Librairie classique de Perisse frères, 1845.$g1$w()27105 850 $aSeMil 852 $aSeMil$W1$xVenegono$y1$m2Q V 26 FA$j164915$B164915$CSeMilBibl$Z2$F175958 $8I 996 $6245$aTome 1$9(OLS)http://semarc/title/1447 LEADER 01156nam a2200241 i 4500 001 000000072672 003 CaOOAMICUS 005 20090407000000.0 008 090407s1902 it u000 u ita u 013 $a43844 040 $aSeMil$bita 245 10$aUmanità e umanismo :$bfilosofia e storia del male /$c1. versione eseguita sulla 3. edizione tedesca dal sac. Clemente Benetti. 260 $aVenezia :$bTipografia Emiliana,$c1902. 260 $aTrento :$bTip. Libreria ed. G. B. Monauni,$c1902. 300 $aXV, 771 p. 650 4$aApologetica.$0(OLS)http://semarc/subject/703 700 1 $aBenetti, Clemente.$0(OLS)http://semarc/name/4768 773 0 $aWeiß, Albert Maria <1844-1925>$tApologia del cristianesimo.$dTrento : Stab. tip. Monauni, 1897.$g2$w()9685 850 $aSeMil 852 $aSeMil$W1$xVenegono$y1$m2Q II 28$j38825$B38825$CSeMilBibl$Z2$F38828 $81 996 $6245$aUmanità e umanismo :$bfilosofia e storia del male$9(OLS)http://semarc/title/117247 996 $6260$aTrento :$bTip. Libreria ed. G. B. Monauni$9(OLS)http://semarc/publisher/43046 996 $6260$aVenezia :$bTipografia Emiliana$9(OLS)http://semarc/publisher/31319